Eneida
Uloženo v:
| Hlavní autoři: | , |
|---|---|
| Médium: | Kniha |
| Jazyk: | španělština |
| Vydáno: |
Madrid
Gredos
1992
|
| Edice: | Biblioteca Clásica Gredos, 166
|
| Témata: | |
| Tagy: |
Přidat tag
Žádné tagy, Buďte první, kdo vytvoří štítek k tomuto záznamu!
|
MARC
| LEADER | 00000nam a2200000 a 4500 | ||
|---|---|---|---|
| 001 | UCN7105 | ||
| 003 | CL-VaPUC | ||
| 008 | 011012e19920000SP |||||||||||||||||spa|d | ||
| 082 | 0 | 4 | |a 873 |b VIR |2 21 |
| 100 | 0 | |a Virgilio |e author |9 266332 | |
| 700 | 0 | |a Virgilio Marón, Publio |e author |9 266333 | |
| 245 | 1 | 0 | |a Eneida |
| 300 | |a 570 p | ||
| 942 | |c BK | ||
| 945 | |d 20011012 00:00:00 |a cmena | ||
| 260 | |a Madrid |b Gredos |c 1992 | ||
| 650 | 7 | |a POESIA EPICA LATINA |2 CL-VaPUC |9 268422 | |
| 650 | 0 | |a Literatura latina |9 258055 | |
| 583 | |a last modification |c 20011012 00:00:00 |k Rodrigo Vera | ||
| 490 | 0 | |a Biblioteca Clásica Gredos, 166 | |
| 999 | |c 297623 |d 297621 | ||
| 952 | |0 0 |1 0 |4 0 |6 873_000000000000000_VIR_1992 |7 0 |8 X |9 352535 |a BIBHIS |b BIBHIS |d 2019-11-21 |i 3763072 |o 873 VIR 1992 |p 3763072 |r 2024-01-30 |w 2019-11-21 |y BK_X |k HIS | ||